[Event "Maastricht Limburg op-C 8th"]
[Site "Maastricht"]
[Date "2014.06.07"]
[Round "3"]
[White "Boudry, William"]
[Black "Schulte, Philipp"]
[Result "1-0"]
[WhiteElo "1610"]
[BlackElo "1417"]
[PlyCount "127"]
[EventDate "2014.06.06"]
[EventType "swiss"]
[EventRounds "7"]
[EventCountry "NED"]
[SourceTitle "EXT 2015"]
[Source "ChessBase"]
[SourceDate "2014.11.20"]
[SourceVersion "1"]
[SourceVersionDate "2014.11.20"]
[SourceQuality "1"]

1. c4 e6 2. g3 Nf6 3. Bg2 c6 4. Nf3 d5 5. d4 Be7 6. 0-0 0-0 7. Nbd2 b6 8. b3 Bb7 9. Bb2 Nbd7 10. e3 Re8 11. Qe2 Qc7 12. Rac1 Ba6 13. Rfd1 c5 14. Qe1 Qd6 15. dxc5 Nxc5 16. Nb1 Rad8 17. Be5 Qd7 18. cxd5 Nd3 19. dxe6 Qxe6 20. Rxd3 Bxd3 21. Bd4 Nd7 22. Bxg7 Bxb1 23. Nd4 Qg6 24. Nc6 Qxg7 25. Nxd8 Rxd8 26. Rxb1 Nc5 27. Rd1 Rxd1 28. Qxd1 Qb2 29. Qg4+ Qg7 30. Qc8+ Bf8 31. Bd5 Qa1+ 32. Kg2 Qd1 33. Qf5 Ne6 34. Bxe6 fxe6 35. Qxe6+ Kg7 36. Qc4 Qd7 37. e4 Be7 38. Qe2 Bc5 39. f4 Qd4 40. Kh3 Kf8 41. e5 Qd7+ 42. Qg4 Qxg4+ 43. Kxg4 Bg1 44. h3 Bf2 45. Kf3 Bc5 46. Ke4 Bf2 47. g4 Kf7 48. f5 Bh4 49. Kd5 Be7 50. Kc6 Bc5 51. Kb5 a5 52. Kc6 Ke7 53. Kd5 Kd7 54. Ke4 h6 55. h4 Bf2 56. g5 hxg5 57. hxg5 Bc5 58. g6 Bf8 59. f6 Ke6 60. g7 Bxg7 61. fxg7 Kf7 62. Kf5 Kxg7 63. Ke6 Kf8 64. Kd7 1-0